书目信息 |
| 题名: |
动物微生物
|
|
| 作者: | 任俊玲、张磊 | |
| 分册: | ||
| 出版信息: | 武汉 华中科技大学出版社 2012 |
|
| 页数: | 297 | |
| 开本: | 26cm | |
| 丛书名: | ||
| 单 册: | ||
| 中图分类: | S85 | |
| 科图分类: | ||
| 主题词: | 兽医学 | |
| 电子资源: | ||
| ISBN: | 7-5609-8034-8 | |
| 000 | 00540nam0 2200181 450 | |
| 001 | 1735846483 | |
| 005 | 20170410095726.48 | |
| 010 | @a7-5609-8034-8 | |
| 100 | @a20170410d km y0chiy0120 ea | |
| 101 | 0 | @achi |
| 200 | 1 | @a动物微生物@Adong wu wei sheng wu@f任俊玲、张磊@Fren jun ling、zhang lei |
| 210 | @a武汉@c华中科技大学出版社@d2012 | |
| 215 | @a297@d26cm | |
| 606 | 0 | @a兽医学 |
| 690 | @aS85@v4 | |
| 701 | 0 | @a任俊玲、张磊@Aren jun ling、zhang lei |
| 801 | 0 | @aCN@b大连网信软件有限公司图书馆·11@c20170410 |
| 905 | @b6604248@dS85@en4@f1 | |
| 动物微生物/任俊玲、张磊.-武汉:华中科技大学出版社,2012 |
| 297;26cm |
| ISBN 7-5609-8034-8: |
| ● |
| 相关链接 |
|
|
|
|
正题名:动物微生物
索取号:S85/n4
 
预约/预借
| 序号 | 登录号 | 条形码 | 馆藏地/架位号 | 状态 | 备注 |
| 1 | 6604248 | 266042481 | 密集书库-生命科学系/ [索取号:S85/n4] | 在馆 |